header

The voice of the law in transition (Record no. 33852)

MARC details
000 -LEADER
fixed length control field 01549nam a2200361Ia 4500
100 1# - MAIN ENTRY--AUTHOR NAME
Personal name Massier, Ab.
245 14 - TITLE STATEMENT
Title The voice of the law in transition
260 ## - PUBLICATION, DISTRIBUTION, ETC. (IMPRINT)
Place of publication Leiden :
Name of publisher KILTV Press,
Year of publication 2008.
300 ## - PHYSICAL DESCRIPTION
Number of Pages xxii, 301 p. :
Other physical details ill.
650 #0 - SUBJECT ADDED ENTRY--TOPICAL TERM
Topical Term Dutch language
Topical Term Law
Topical Term Practice of law
Topical Term Language policy
856 40 - ELECTRONIC LOCATION AND ACCESS
Uniform Resource Identifier http://site.ebrary.com/lib/rucke/Doc?id=10745950

No items available.

© 2026 Rongo University
Contact us: librarian | system librarian | Rongo university